| 000 | 00697nam a22002057a 4500 | ||
|---|---|---|---|
| 999 |
_c5022 _d5022 |
||
| 003 | AR-CdUCM | ||
| 008 | 190311b ||||| |||| 00| 0 spa d | ||
| 040 |
_aMUNICIPALIDAD PROVINCIAL DEL CUSCO _cBIBLIOTECA MUNICIPAL DEL CUSCO |
||
| 082 |
_a869.55018 / _bL67 |
||
| 245 |
_aLira arequipeña : _bcolección de las más selectas poesías de los vates antiguos y modernos / |
||
| 260 |
_aArequipa : _bEl Sol, _c1972. |
||
| 300 |
_a365 páginas ; _c25 cm. |
||
| 500 | _aDonación familia Nieto | ||
| 650 |
_aPoesía peruana _9806 |
||
| 650 |
_aSiglo XX _98 |
||
| 700 |
_aValdivia, Rafael (editor) _915347 |
||
| 700 |
_aPeraltilla Diaz, Artemio (editor) _915348 |
||
| 942 |
_2ddc _cLIBROS |
||
| 945 | _aafb | ||